| 000 | 00747cam a2200229 a 4500 | ||
|---|---|---|---|
| 020 | _a0471589535 (pbk. : alk. paper) | ||
| 040 | _cDLC | ||
| 082 | 0 | 0 | _a686 JWI 1993 A043 Or. |
| 100 | 1 | _aBaker, Kim, | |
| 245 | 1 | 0 |
_aPageMaker 5 for Windows : _bself-teaching guide / |
| 246 | 3 | _aPageMaker five for Windows | |
| 260 |
_aNew York : _bJ. Wiley, _cc1993. |
||
| 300 |
_axii, 292 p. : _bill. ; _c25 cm. |
||
| 500 | _aIncludes index. | ||
| 650 | 0 | _aDesktop publishing. | |
| 700 | 1 | _aBaker, Sunny. | |
| 700 | 1 | _aRoth, Kyle. | |
| 856 | 4 | 2 | _uhttp://www.loc.gov/catdir/bios/wiley042/93022644.html |
| 856 | 4 | 2 | _uhttp://www.loc.gov/catdir/description/wiley034/93022644.html |
| 856 | 4 | _uhttp://www.loc.gov/catdir/toc/onix05/93022644.html | |
| 942 | _cEK | ||
| 999 |
_c12866 _d12866 |
||